000 00484ntaaa2200193 4500
003 01
005 20251027202151.0
008 0714s1973 ag 01
040 _aAR-BaBN
_bspa
_cAR-BaBN
_eaacr
_dRIC
082 _a266.6000 C67
100 _aColeman, Inabelle Graves
_99349
245 _aFor this cause
250 _a1 ed.
260 _aNashville :
_bBroadman Press,
_cc1938
300 _a119 p
500 _aEstudio de misiones
650 _amisiones-bautistas
_914781
942 _cBK
999 _c16639
_d16639